000 00708nam a2200229Ii 4500
003 JO-AjNU
008 230605s9999||||xx |||||||||||||| ||und||
017 _a1992/8002
020 _a977-5344-26-3
040 _aJO-AjNU
_bara
_erda
_cJO-AjNU
041 _aara
050 1 4 _aPJ7577.S2434 1992
100 3 _aفضل،صلاح,
_eauthor
_919717
245 0 0 _aأساليب السرد في الرواية العربية
250 _aط1
264 3 1 _aالكويت:دار سعاد الصباح،1992
300 _a223ص
336 _atext
_btxt
_2rdacontent
337 _aunmediated
_bn
_2rdamedia
338 _avolume
_bnc
_2rdacarrier
650 4 _a القصة العربية - تاريخ ونقد
_919718
999 _aA6556
_c10124
_d10124